Intimate moments with the Savior : (Record no. 8949)

MARC details
000 -LEADER
fixed length control field 00729nam a2200253Ka 4500
001 - CONTROL NUMBER
control field 821842567
003 - CONTROL NUMBER IDENTIFIER
control field OCoLC
005 - DATE AND TIME OF LATEST TRANSACTION
control field 20241126110702.0
008 - FIXED-LENGTH DATA ELEMENTS--GENERAL INFORMATION
fixed length control field 121218s1989 miu 000 0beng
020 ## - INTERNATIONAL STANDARD BOOK NUMBER
International Standard Book Number 0310217709
020 ## - INTERNATIONAL STANDARD BOOK NUMBER
International Standard Book Number 9780310217701
035 ## - SYSTEM CONTROL NUMBER
System control number (OCoLC)821842567
040 ## - CATALOGING SOURCE
Original cataloging agency CIRBC
Transcribing agency CIRBC
050 00 -
-- BS2555.4
-- .G57 1989
082 ## - DEWEY DECIMAL CLASSIFICATION NUMBER
Classification number 232.9
Item number GIR
092 ## - LOCALLY ASSIGNED DEWEY CALL NUMBER (OCLC)
Classification number 232.9
Item number G524
100 1# - MAIN ENTRY--PERSONAL NAME
Personal name Gire, Ken.
9 (RLIN) 8467
245 10 - TITLE STATEMENT
Title Intimate moments with the Savior :
Remainder of title learning to love /
Statement of responsibility, etc. Ken Gire.
260 ## - PUBLICATION, DISTRIBUTION, ETC.
Place of publication, distribution, etc. Grand Rapids, Mich. :
Name of publisher, distributor, etc. Zondervan,
Date of publication, distribution, etc. c1989.
300 ## - PHYSICAL DESCRIPTION
Extent xiv, 145 p. ;
Dimensions 21 cm.
600 00 - SUBJECT ADDED ENTRY--PERSONAL NAME
Personal name Jesus Christ
Form subdivision Meditations.
9 (RLIN) 15652
630 00 - SUBJECT ADDED ENTRY--UNIFORM TITLE
Uniform title Bible.
Name of part/section of a work N.T.
-- Gospels
Form subdivision Meditations.
9 (RLIN) 15653
942 ## - ADDED ENTRY ELEMENTS (KOHA)
Source of classification or shelving scheme Dewey Decimal Classification
Koha item type Books
Holdings
Withdrawn status Lost status Source of classification or shelving scheme Damaged status Not for loan Home library Current Library Shelving location Date acquired Total checkouts Full call number Barcode Date last seen Copy number Price effective from Koha item type
    Dewey Decimal Classification     GRACE BIBLE COLLEGE GRACE BIBLE COLLEGE Theology 2022-02-03   232.9 GIR 005171 2025-05-01 c.1 2022-02-03 Books
© Grace Bible College Library 2025